00567 2200217 4500001002100000005001500021035002500036090002200061245003700083260003900120300002900159007000300188008004100191040001700232082001200249084001400261100001800275850001200293990002200305990002200327YOGYA00000000003116820250620094312 a0010-081400000030886 aCB-D.11 2010-1468 aEasy vocabulary /cSOLAHUDIN, M. ayogyakarta :bCitra Risalah,c2010 aviii, 138 hlm. ;c20 cm.ta130817s2010 yoi g ind d aYOPDYOGbind 222a420 a420 SOL e aSOLAHUDIN, M. aYOPDYOG aCB-D.11/2010-1468 aCB-D.11/2010-1468